[Event "Championnat de France - Open A"]
[Site "NANCY"]
[Date "2013.08.23"]
[Round "11.7"]
[White "Garnier, Teddy"]
[Black "Amoyal, Pierre"]
[Result "1/2-1/2"]
[WhiteElo "2051"]
[BlackElo "2143"]
[PlyCount "105"]
[EventDate "2013.??.??"]

1. e4 c5 2. c3 d5 3. exd5 Qxd5 4. d4 g6 5. Nf3 Bg7 6. Na3 cxd4 7. Bc4 Qe4+ 8.
Be3 Nh6 9. cxd4 O-O 10. O-O Bg4 11. Bxh6 Bxh6 12. Re1 Bxf3 13. Rxe4 Bxd1 14.
Rxd1 Bg5 15. Re5 Bf6 16. Rb5 Nc6 17. d5 Nd8 18. f4 b6 19. d6 Nb7 20. dxe7 Bxe7
21. Rd7 Bc5+ 22. Kf1 a6 23. Rb3 Na5 24. Rc3 Rad8 25. Rxd8 Rxd8 26. Bxa6 Rd1+
27. Ke2 Ra1 28. Nc4 Rxa2 29. Nxa5 Rxa5 30. Bc4 Bd4 31. Rc2 Rc5 32. Kd3 Bg1 33.
h3 Kg7 34. b4 Rc7 35. Rc3 Re7 36. Bb5 h5 37. Bc6 h4 38. b5 f5 39. Rc1 Bh2 40.
Rc4 Bg1 41. Rc1 Bf2 42. Rc4 Kf6 43. Ra4 Bc5 44. Ra8 Re3+ 45. Kc2 Ra3 46. Rxa3
Bxa3 47. Kd3 Bc1 48. Ke2 Bxf4 49. Kf3 Be5 50. Bd7 Ke7 51. Bc6 g5 52. Bd5 Kd6
53. Bc6 1/2-1/2

[Event "Championnat de France - Open A"]
[Site "NANCY"]
[Date "2013.08.23"]
[Round "11.8"]
[White "Kassis, Antoine"]
[Black "Veron, Cyprien"]
[Result "1/2-1/2"]
[WhiteElo "2108"]
[BlackElo "2078"]
[PlyCount "120"]
[EventDate "2013.??.??"]

1. d4 d5 2. c4 e6 3. Nc3 Nf6 4. cxd5 exd5 5. Bg5 Be7 6. Qc2 c6 7. e3 Nbd7 8.
Bd3 O-O 9. Nge2 Re8 10. O-O Nf8 11. f3 Nh5 12. Bxe7 Qxe7 13. e4 dxe4 14. fxe4
Bg4 15. Rf2 Rad8 16. Raf1 Ne6 17. e5 Nxd4 18. Nxd4 Rxd4 19. Bxh7+ Kh8 20. Rxf7
Qc5 21. Kh1 Be6 22. R7f2 Rh4 23. Qg6 Qe7 24. Ne4 Bxa2 25. Nd6 Rd8 26. Kg1 Ng3
27. hxg3 Rxh7 28. Rf7 Rxd6 29. Rf8+ Bg8 30. Qxd6 g5 31. Qxe7 Rxe7 32. Re1 Kg7
33. Rf5 Kg6 34. Rf6+ Kg7 35. Kf2 Rxe5 36. Rxe5 Kxf6 37. Re8 Bd5 38. g4 c5 39.
Rf8+ Bf7 40. Ke3 Ke7 41. Ra8 Bd5 42. g3 a6 43. Rc8 Kd6 44. Rd8+ Ke5 45. Rc8 Kd6
46. Rf8 a5 47. Rf5 b5 48. Rxg5 b4 49. Rg6+ Be6 50. Kd3 a4 51. Rh6 Ke5 52. Rh5+
Kd6 53. g5 c4+ 54. Kd4 c3 55. bxc3 b3 56. c4 b2 57. Rh1 Bf5 58. Kc3 b1=Q 59.
Rxb1 Bxb1 60. Kb4 Bc2 1/2-1/2

[Event "Championnat de France - Open A"]
[Site "NANCY"]
[Date "2013.08.23"]
[Round "11.9"]
[White "Dutreuil, Raphael"]
[Black "Larand, Manuel"]
[Result "0-1"]
[WhiteElo "2067"]
[BlackElo "2004"]
[PlyCount "90"]
[EventDate "2013.??.??"]

1. d4 Nf6 2. c4 c5 3. d5 b5 4. cxb5 a6 5. f3 axb5 6. e4 Qa5+ 7. Bd2 b4 8. Na3
d6 9. Nc4 Qd8 10. a3 e6 11. dxe6 Bxe6 12. Ne3 bxa3 13. Rxa3 Rxa3 14. bxa3 Be7
15. Bb5+ Nbd7 16. Ne2 O-O 17. O-O Qb6 18. Bc4 Bxc4 19. Nxc4 Qa6 20. Qc2 Ra8 21.
Ng3 Ne5 22. Nxe5 dxe5 23. Nf5 Bf8 24. Qb2 Nd7 25. Ra1 c4 26. a4 Rb8 27. Qc2 Nc5
28. Ne3 Nb3 29. Rb1 Qa7 30. Kf2 Rd8 31. Bc1 Bc5 32. Rxb3 cxb3 33. Qxb3 h6 34.
Kg3 Rb8 35. Qd3 Qxa4 36. Nf5 Qa2 37. Qd5 Qxd5 38. exd5 Rd8 39. Ba3 Rxd5 40. Kg4
Kf8 41. Bc1 h5+ 42. Kh4 g6 43. Ng3 Bf2 44. Ba3+ Kg7 45. Bb2 f6 0-1

[Event "Championnat de France - Open A"]
[Site "NANCY"]
[Date "2013.08.23"]
[Round "11.10"]
[White "Duchateau, Thomas"]
[Black "Herrmann, Jean-Philippe"]
[Result "0-1"]
[WhiteElo "2075"]
[BlackElo "2198"]
[PlyCount "108"]
[EventDate "2013.??.??"]

1. d4 Nf6 2. c4 e6 3. Nc3 Bb4 4. e3 b6 5. Nge2 Ne4 6. Qc2 Bb7 7. a3 Bxc3+ 8.
Nxc3 f5 9. Bd3 Qh4 10. O-O Nxc3 11. Qxc3 Bxg2 12. Kxg2 Qg4+ 13. Kh1 Qf3+ 14.
Kg1 O-O 15. Re1 Rf6 16. e4 Rg6+ 17. Kf1 Rg2 18. Re2 Nc6 19. exf5 Qg4 20. Ke1
Nxd4 21. Be3 Nf3+ 22. Kd1 Rg1+ 23. Kc2 Rxa1 24. h3 Qg1 25. Kb3 exf5 26. Bxf5
Qd1+ 27. Rc2 Ne1 28. Qe5 Nxc2 29. Bxc2 Qd6 30. Qe4 Rf8 31. Qxh7+ Kf7 32. Qh5+
g6 33. Qh7+ Ke8 34. Bxg6+ Kd8 35. Bc2 Kc8 36. Qe4 Kb8 37. h4 Qe6 38. h5 Qxe4
39. Bxe4 Rh8 40. h6 Rg1 41. Kc3 Kc8 42. Kd4 Kd8 43. Ke5 Ke7 44. b4 c6 45. a4
Re8 46. a5 bxa5 47. bxa5 Ra1 48. Bg6 Rxa5+ 49. c5 d6+ 50. Kd4 Ra4+ 51. Kd3 Rh8
52. Bg5+ Ke6 53. cxd6 Kxd6 54. Bf6 Rxh6 0-1